Worship: the life of the missions, (Record no. 6877)

MARC details
000 -LEADER
fixed length control field 01209cam a22002891 4500
001 - CONTROL NUMBER
control field 9817580
003 - CONTROL NUMBER IDENTIFIER
control field AUA.1
005 - DATE AND TIME OF LATEST TRANSACTION
control field 20130916165357.0
008 - FIXED-LENGTH DATA ELEMENTS--GENERAL INFORMATION
fixed length control field 740927||||| xx 000 0 eng
010 ## - LIBRARY OF CONGRESS CONTROL NUMBER
LC control number 58011783
035 ## - SYSTEM CONTROL NUMBER
System control number (OCoLC)1023828
040 ## - CATALOGING SOURCE
Original cataloging agency DLC
Transcribing agency MNtcA
Modifying agency DLC
042 ## - AUTHENTICATION CODE
Authentication code premarc
050 00 - LIBRARY OF CONGRESS CALL NUMBER
Classification number BX 2180
Item number .H63 1958
082 ## - DEWEY DECIMAL CLASSIFICATION NUMBER
Classification number 264.02
100 1# - MAIN ENTRY--PERSONAL NAME
Personal name Hofinger, Johannes.
9 (RLIN) 23488
245 10 - TITLE STATEMENT
Title Worship: the life of the missions,
Statement of responsibility, etc by Johannes Hofinger [and others] of the Institute of Mission Apologetics, Manila, P.I. Translated by Mary Perkins Ryan.
260 ## - PUBLICATION, DISTRIBUTION, ETC. (IMPRINT)
Place of publication, distribution, etc [Notre Dame, Ind.]
Name of publisher, distributor, etc University of Notre Dame Press,
Date of publication, distribution, etc c1958.
300 ## - PHYSICAL DESCRIPTION
Extent 342 p.
Dimensions 24 cm.
490 0# - SERIES STATEMENT
Series statement Notre Dame [Ind.] University. Liturgical studies,
Volume number/sequential designation v. 4
610 20 - SUBJECT ADDED ENTRY--CORPORATE NAME
Corporate name or jurisdiction name as entry element Catholic Church
General subdivision Liturgy.
9 (RLIN) 23489
610 20 - SUBJECT ADDED ENTRY--CORPORATE NAME
Corporate name or jurisdiction name as entry element Catholic Church
General subdivision Missions.
9 (RLIN) 23490
710 2# - ADDED ENTRY--CORPORATE NAME
Corporate name or jurisdiction name as entry element Institute of Mission Apologetics, Manila.
9 (RLIN) 23491
906 ## - LOCAL DATA ELEMENT F, LDF (RLIN)
a 7
b cbc
c oclcrpl
d u
e ncip
f 19
g y-gencatlg
942 ## - ADDED ENTRY ELEMENTS (KOHA)
Source of classification or shelving scheme Library of Congress Classification
Koha item type Books
Classification part BX 2180
Item part .H63 1958
Holdings
Withdrawn status Lost status Source of classification or shelving scheme Damaged status Not for loan Collection code Home library Current library Shelving location Date acquired Source of acquisition Cost, normal purchase price Serial Enumeration / chronology Total Checkouts Full call number Barcode Date last seen Cost, replacement price Price effective from Koha item type
    Library of Congress Classification     Books Judith Thomas Library Judith Thomas Library General Stacks 02/08/2012 Donation, Dr Russell Staples 25.00 AUA009438   BX 2180 .H63 1958 AUA009438 02/08/2012 25.00 02/08/2012 Books